Biblioteca "Ernesto Sabato"
Facultad de Derecho y Ciencias Sociales
Facultad de Lenguas
Universidad Nacional del Comahue

El joven rey (Record no. 18907)

MARC details
000 -CABECERA
campo de control de longitud fija 00586caa a22001572a 4500
001 - NÚMERO DE CONTROL
campo de control 013139
003 - IDENTIFICADOR DEL NÚMERO DE CONTROL
campo de control AR-FADEU
008 - DATOS DE LONGITUD FIJA--INFORMACIÓN GENERAL
campo de control de longitud fija 311216n########xxu####################dd
092 ## - ASIGNACIÓN LOCAL DE SIGNATURA TOPOGRÁFICA DEWEY (OCLC)
Número de clasificación 823.8
Número de documento/Ítem W671n
100 ## - ENTRADA PRINCIPAL--NOMBRE DE PERSONA
Nombre de persona Wilde, Oscar
245 ## - MENCIÓN DE TÍTULO
Título El joven rey
300 ## - DESCRIPCIÓN FÍSICA
Extensión PP. 321-338
500 ## - NOTA GENERAL
Nota general En: Novelas y cuentos, teatro, poemas en prosa, ensayos, cartas y otros escritos / Oscar Wilde. Madrid : EDAF, 1969
773 0# - ENLACE AL DOCUMENTO FUENTE/ENTRADA DE REGISTRO ANFITRIÓN
Número bibliográfico anfitrión 18514
Número de ítem anfitrión 19084
Encabezamiento principal Wilde, Oscar
Edición
Lugar, editor y fecha de publicación Madrid
Otro identificador del documento 04322
Título Novelas y cuentos, teatro, poemas en prosa, ensayos, cartas y otros escritos
Número de control del registro ( AR-FADEU) 012746
Número Internacional Normalizado para Publicaciones Seriadas
Número Internacional Estándar del Libro
942 ## - ELEMENTOS DE PUNTO DE ACCESO ADICIONAL (KOHA)
Tipo de ítem Koha BDGR

No items available.

Facultad de Derecho y Ciencias Sociales | Universidad Nacional del Comahue | Mendoza y Perú General Roca | Río Negro CP (8332) | Patagonia Argentina | Teléfono: 54-0298-4433670 | | Fax: 0298-4432093 | Fax alumnos: 0298-4435700